[Event "Paris ch 2005"]
[Site "Paris FRA"]
[Date "2005.07.10"]
[Round "2.40"]
[White "Hess, Robert L"]
[Black "Callet, Emmanuel"]
[Result "1-0"]
[WhiteElo "2278"]
[BlackElo "2223"]
[PlyCount "81"]
[EventDate "2005.07.09"]
[EventType "swiss"]
[EventRounds "9"]
[EventCountry "FRA"]
[Source "lmi"]
[SourceDate "2005.07.17"]

1. e4 Nc6 2. Nf3 e5 3. Bb5 a6 4. Ba4 Nf6 5. d4 Nxe4 6. Qe2 b5 7. Qxe4 d5 8. Qe3
bxa4 9. Nxe5 Nxe5 10. Qxe5+ Be7 11. Nc3 c6 12. Nxa4 O-O 13. O-O Bd6 14. Qh5 Ra7
15. Bg5 f6 16. Bh4 g6 17. Qd1 g5 18. Bg3 Bf5 19. Bxd6 Qxd6 20. Nc5 h5 21. f4 g4
22. Qd2 g3 23. hxg3 Rg7 24. Rf3 Be4 25. Nxe4 dxe4 26. Re3 f5 27. Kf2 Rg4 28.
Rh1 h4 29. Rxh4 Rxh4 30. gxh4 Qxf4+ 31. Kg1 Qxh4 32. Qf2 Qf6 33. Rg3+ Kf7 34.
d5 cxd5 35. Qa7+ Ke6 36. Ra3 Ke5 37. Rxa6 Qd8 38. Qg7+ Kf4 39. Qh6+ Ke5 40.
Re6+ Kd4 41. Qd2+ 1-0

[Event "Paris ch 2005"]
[Site "Paris FRA"]
[Date "2005.07.10"]
[Round "2.41"]
[White "Broca, Alexandre"]
[Black "Doucet, Christian"]
[Result "0-1"]
[WhiteElo "2166"]
[BlackElo "2277"]
[PlyCount "68"]
[EventDate "2005.07.09"]
[EventType "swiss"]
[EventRounds "9"]
[EventCountry "FRA"]
[Source "lmi"]
[SourceDate "2005.07.17"]

1. c4 c5 2. g3 Nc6 3. Bg2 g6 4. e4 Bg7 5. Ne2 e6 6. Nbc3 Nge7 7. O-O O-O 8. d3
d6 9. Rb1 Nd4 10. f4 Nec6 11. a3 Rb8 12. Be3 a6 13. b4 cxb4 14. axb4 b5 15. Qd2
Bd7 16. h3 Qe7 17. g4 f5 18. exf5 gxf5 19. g5 Kh8 20. Ng3 Qf7 21. Rfc1 h6 22.
h4 hxg5 23. hxg5 Kh7 24. cxb5 axb5 25. Kf2 Rh8 26. Nh5 Kg6 27. Nxg7 Qxg7 28.
Rh1 Rxh1 29. Rxh1 Rh8 30. Kg3 Rxh1 31. Bxh1 Qh8 32. Bg2 Qh5 33. Qf2 e5 34. Nd5
Ne2+ 0-1

[Event "Paris ch 2005"]
[Site "Paris FRA"]
[Date "2005.07.10"]
[Round "2.42"]
[White "Blazkova, Petra"]
[Black "Zharkov, Hleb"]
[Result "1-0"]
[WhiteElo "2276"]
[BlackElo "2219"]
[PlyCount "61"]
[EventDate "2005.07.09"]
[EventType "swiss"]
[EventRounds "9"]
[EventCountry "FRA"]
[Source "lmi"]
[SourceDate "2005.07.17"]

1. e4 e6 2. d4 d5 3. Nc3 Nf6 4. Bg5 dxe4 5. Nxe4 Be7 6. Bxf6 gxf6 7. Bc4 f5 8.
Ng3 c5 9. d5 Qb6 10. c3 Qxb2 11. N1e2 Qb6 12. Rb1 Qc7 13. O-O h5 14. dxe6 fxe6
15. Nxf5 exf5 16. Qd5 Rf8 17. Ng3 Nc6 18. Be2 Bd7 19. Bxh5+ Kd8 20. Rfd1 Kc8
21. Bf7 Nd8 22. Bg8 f4 23. Ne4 Bc6 24. Be6+ Kb8 25. Qc4 Qe5 26. Bd5 Kc7 27.
Nxc5 Bxc5 28. Qxc5 Rf6 29. c4 Ne6 30. Qe7+ Kc8 31. Bxe6+ 1-0

[Event "Paris ch 2005"]
[Site "Paris FRA"]
[Date "2005.07.10"]
[Round "2.43"]
[White "Peyrat, Olivier"]
[Black "Tillet, Louis-Juan"]
[Result "0-1"]
[WhiteElo "2265"]
[BlackElo "2216"]
[PlyCount "76"]
[EventDate "2005.07.09"]
[EventType "swiss"]
[EventRounds "9"]
[EventCountry "FRA"]
[Source "lmi"]
[SourceDate "2005.07.17"]

1. g3 d5 2. Nf3 e6 3. Bg2 c5 4. O-O Nc6 5. d3 Bd6 6. e4 Nge7 7. Nc3 O-O 8. Nd2
Bc7 9. f4 Rb8 10. a4 a6 11. Nf3 b5 12. axb5 axb5 13. e5 Nf5 14. g4 Nh4 15. Nxh4
Qxh4 16. Be3 Qe7 17. Ne2 Bb7 18. Qd2 d4 19. Bf2 g5 20. Bxc6 Bxc6 21. fxg5 Bxe5
22. Bg3 Qd6 23. Ra6 Rbc8 24. Rf6 Qd5 25. Rxc6 Rxc6 26. Kf2 c4 27. dxc4 bxc4 28.
h4 d3 29. Bxe5 Qxe5 30. cxd3 Qh2+ 31. Kf3 cxd3 32. Qxd3 Rd6 33. Qe4 Rfd8 34.
Nf4 Rd2 35. Qe3 e5 36. Qxe5 Qf2+ 37. Ke4 R2d4+ 38. Kf5 Qc2+ 0-1

[Event "Paris ch 2005"]
[Site "Paris FRA"]
[Date "2005.07.11"]
[Round "3.1"]
[White "Apicella, Manuel"]
[Black "Fressinet, Laurent"]
[Result "0-1"]
[WhiteElo "2553"]
[BlackElo "2627"]
[PlyCount "94"]
[EventDate "2005.07.09"]
[EventType "swiss"]
[EventRounds "9"]
[EventCountry "FRA"]
[Source "lmi"]
[SourceDate "2005.07.17"]

1. e4 d6 2. d4 Nf6 3. Nc3 g6 4. Be3 c6 5. Qd2 b5 6. f3 Nbd7 7. O-O-O b4 8. Nce2
a5 9. g4 Nb6 10. Ng3 h5 11. g5 Nfd7 12. h4 Qc7 13. f4 Bb7 14. Qf2 Bg7 15. Nh3
a4 16. f5 b3 17. a3 c5 18. c3 cxd4 19. Bxd4 Bxd4 20. Qxd4 O-O-O 21. Nf4 gxf5
22. Nd5 Nxd5 23. exd5 e6 24. Qxa4 Nb6 25. Qxb3 f4 26. Ne4 Bxd5 27. Ba6+ Kb8 28.
Qb4 Ka7 29. Bb5 Bxe4 30. Qxe4 d5 31. Qb4 e5 32. Rhe1 e4 33. a4 f3 34. a5 Nc8
35. Kb1 Ne7 36. Qd4+ Kb8 37. Qf6 Ng6 38. Rd4 Rd6 39. Qg7 Ka8 40. Rb4 Rb8 41.
Qd4 Nxh4 42. Rxe4 dxe4 43. Qxe4+ Qb7 44. Qxh4 Qd5 45. Qf4 f2 46. g6 Rxb5 47.
gxf7 Qd1+ 0-1

[Event "Paris ch 2005"]
[Site "Paris FRA"]
[Date "2005.07.11"]
[Round "3.2"]
[White "Moradiabadi, Elshan"]
[Black "Sadvakasov, Darmen"]
[Result "1/2-1/2"]
[WhiteElo "2485"]
[BlackElo "2610"]
[PlyCount "75"]
[EventDate "2005.07.09"]
[EventType "swiss"]
[EventRounds "9"]
[EventCountry "FRA"]
[Source "lmi"]
[SourceDate "2005.07.17"]

1. d4 Nf6 2. c4 e6 3. Nc3 Bb4 4. Qc2 O-O 5. a3 Bxc3+ 6. Qxc3 b6 7. Bg5 Bb7 8.
f3 h6 9. Bh4 d6 10. e3 Nbd7 11. Bd3 c5 12. Ne2 Rc8 13. O-O d5 14. cxd5 Nxd5 15.
Qe1 Qe8 16. Qd2 f5 17. Bg3 Qe7 18. Nf4 Nxf4 19. Bxf4 Rfd8 20. Rad1 Nf8 21. dxc5
Rxc5 22. Qe2 Ng6 23. Bg3 Bd5 24. e4 Bb3 25. Rd2 Qf6 26. exf5 exf5 27. Bb1 Kh7
28. Rxd8 Qxd8 29. Re1 Qf6 30. h3 h5 31. Qe3 Bc2 32. Bf2 Bxb1 33. Rxb1 Rc2 34.
Qd3 Rc6 35. Kh1 Nf4 36. Qd2 Qd6 37. Qxd6 Rxd6 38. Bg3 1/2-1/2

[Event "Paris ch 2005"]
[Site "Paris FRA"]
[Date "2005.07.11"]
[Round "3.3"]
[White "Gozzoli, Yannick"]
[Black "Tregubov, Pavel V"]
[Result "0-1"]
[WhiteElo "2444"]
[BlackElo "2607"]
[PlyCount "146"]
[EventDate "2005.07.09"]
[EventType "swiss"]
[EventRounds "9"]
[EventCountry "FRA"]
[Source "lmi"]
[SourceDate "2005.07.17"]

1. d4 d5 2. c4 e6 3. Nc3 c6 4. e4 Bb4 5. Bd2 Ne7 6. a3 Bxc3 7. Bxc3 Ng6 8. e5
b6 9. Nf3 Bb7 10. h4 c5 11. dxc5 bxc5 12. h5 Ne7 13. Bd3 Nd7 14. Qe2 Rb8 15.
cxd5 Bxd5 16. Rh3 Qc7 17. Ng5 Nc6 18. Be4 Bxe4 19. Qxe4 Nd4 20. Nf3 Qc6 21.
Qxc6 Nxc6 22. h6 g6 23. Rc1 Ke7 24. Rh4 Rhc8 25. Rc4 Rb5 26. a4 Rbb8 27. a5 Rb5
28. Ra1 Nb4 29. Ke2 Nd5 30. Ra2 Rcb8 31. Rca4 Rb3 32. Kd2 Nxc3 33. bxc3 Rb1 34.
g4 g5 35. Ke3 Rh1 36. Re4 Rh3 37. Ke2 Rxh6 38. Nxg5 Rh1 39. Nf3 Rb3 40. Rc4 Rc1
41. Kd2 Rbb1 42. Kd3 Rd1+ 43. Ke3 Rd5 44. Kf4 Rd3 45. Re2 Ra1 46. g5 Rxa5 47.
Ke4 Rd5 48. Kf4 Ra3 49. Kg3 Rd3 50. Re3 Rxe3 51. fxe3 Kf8 52. Kf4 Kg7 53. Nd2
Nb6 54. Rxc5 Nd5+ 55. Kg4 Rxc3 56. Ra5 Nxe3+ 57. Kf4 Nd5+ 58. Kg4 Rc7 59. Ne4
Kg6 60. Nd6 Nb4 61. Ra3 Rc1 62. Rf3 Rg1+ 63. Kh4 Rh1+ 64. Kg4 Rg1+ 65. Kh4 Nd5
66. Nxf7 Re1 67. Nd6 Rh1+ 68. Kg4 Rg1+ 69. Kh4 Rxg5 70. Ra3 Rxe5 71. Rxa7 Nf6
72. Nc8 Re4+ 73. Kg3 h5 0-1

[Event "Paris ch 2005"]
[Site "Paris FRA"]
[Date "2005.07.11"]
[Round "3.4"]
[White "David, Alberto"]
[Black "Perez, Rodney"]
[Result "1-0"]
[WhiteElo "2579"]
[BlackElo "2442"]
[PlyCount "59"]
[EventDate "2005.07.09"]
[EventType "swiss"]
[EventRounds "9"]
[EventCountry "FRA"]
[Source "lmi"]
[SourceDate "2005.07.17"]

1. d4 d5 2. c4 c6 3. Nf3 Nf6 4. e3 a6 5. Qc2 e6 6. Nbd2 Nbd7 7. b3 b6 8. Bd3
Bb7 9. O-O Be7 10. Bb2 O-O 11. Rad1 Qc7 12. e4 dxe4 13. Nxe4 Nxe4 14. Bxe4 h6
15. Rfe1 Rad8 16. d5 cxd5 17. cxd5 Qxc2 18. Bxc2 Bc5 19. dxe6 fxe6 20. b4 Bxf3
21. gxf3 Bxb4 22. Rxe6 Nf6 23. Rxb6 Rxd1+ 24. Bxd1 a5 25. a3 Bd2 26. Bb3+ Kh8
27. Bd4 Rd8 28. Be5 Re8 29. f4 Nd7 30. Rxh6# 1-0

[Event "Paris ch 2005"]
[Site "Paris FRA"]
[Date "2005.07.11"]
[Round "3.6"]
[White "Kazhgaleyev, Murtas"]
[Black "Pira, Davoud"]
[Result "1-0"]
[WhiteElo "2619"]
[BlackElo "2385"]
[PlyCount "67"]
[EventDate "2005.07.09"]
[EventType "swiss"]
[EventRounds "9"]
[EventCountry "FRA"]
[Source "lmi"]
[SourceDate "2005.07.17"]

1. d4 Nf6 2. c4 c5 3. Nf3 cxd4 4. Nxd4 b6 5. Nc3 Bb7 6. f3 e6 7. e4 d6 8. Be2
Be7 9. O-O O-O 10. Be3 a6 11. Kh1 Nbd7 12. Qd2 Rc8 13. Rac1 Qc7 14. a3 Qb8 15.
b4 Bd8 16. Rc2 Bc7 17. Bg1 Rfe8 18. Rb1 Kh8 19. Na4 d5 20. exd5 exd5 21. c5 Bf4
22. Qd1 b5 23. c6 bxa4 24. cxb7 Qxb7 25. Rxc8 Rxc8 26. Qxa4 Rc3 27. Bxa6 Qb8
28. Ne2 Qc7 29. Nxc3 Qxc3 30. Bb5 Ne5 31. Qa8+ Ng8 32. Qxd5 h6 33. Qd4 Qc2 34.
Qxf4 1-0

[Event "Paris ch 2005"]
[Site "Paris FRA"]
[Date "2005.07.11"]
[Round "3.7"]
[White "Landa, Konstantin"]
[Black "Pelikian, Jefferson"]
[Result "1-0"]
[WhiteElo "2609"]
[BlackElo "2405"]
[PlyCount "101"]
[EventDate "2005.07.09"]
[EventType "swiss"]
[EventRounds "9"]
[EventCountry "FRA"]
[Source "lmi"]
[SourceDate "2005.07.17"]

1. e4 g6 2. d4 Bg7 3. Nc3 c6 4. Nf3 d6 5. Be3 Bg4 6. h3 Bxf3 7. Qxf3 e6 8. d5
cxd5 9. exd5 Bxc3+ 10. bxc3 e5 11. Rb1 Qc7 12. Bb5+ Kf8 13. O-O Kg7 14. c4 b6
15. c5 bxc5 16. Bc6 Nxc6 17. dxc6 Qe7 18. Rfd1 Qf6 19. Rb7 Qxf3 20. gxf3 Nf6
21. Rxd6 Rhc8 22. Bxc5 Ne8 23. Rdd7 Kf6 24. Rxf7+ Ke6 25. Ba3 Rxc6 26. Rbe7+
Kd5 27. Rf8 Rcc8 28. Rd7+ Ke6 29. Rxh7 Nf6 30. Re7+ Kf5 31. Bd6 Rxf8 32. Rxe5+
Kf4 33. Re8+ Kf5 34. Rxf8 Rxf8 35. Bxf8 Nd5 36. c4 Nf4 37. Kh2 Ne6 38. Bd6 Nd4
39. Kg3 g5 40. Bc5 Ne2+ 41. Kg2 a6 42. Kf1 Nc1 43. Be3 Nd3 44. Ke2 Ne5 45. c5
a5 46. a4 Nc4 47. Kd3 Ne5+ 48. Kd4 Ke6 49. Ke4 Nc4 50. Bxg5 Nb2 51. Be3 1-0

[Event "Paris ch 2005"]
[Site "Paris FRA"]
[Date "2005.07.11"]
[Round "3.8"]
[White "Shirazi, Kamran"]
[Black "Kogan, Artur"]
[Result "0-1"]
[WhiteElo "2410"]
[BlackElo "2580"]
[PlyCount "112"]
[EventDate "2005.07.09"]
[EventType "swiss"]
[EventRounds "9"]
[EventCountry "FRA"]
[Source "lmi"]
[SourceDate "2005.07.17"]

1. e4 c5 2. Nf3 Nc6 3. d4 cxd4 4. Nxd4 Qc7 5. Nb5 Qb8 6. c4 Nf6 7. N1c3 a6 8.
Na3 e6 9. Be3 Bxa3 10. bxa3 Qe5 11. Rc1 Nxe4 12. Nxe4 Qxe4 13. Qd6 Ne7 14. Bd3
Nf5 15. Bxe4 Nxd6 16. Bd3 f6 17. Bb6 Nf7 18. c5 d5 19. cxd6 Nxd6 20. O-O Bd7
21. Rfd1 Rc8 22. Bc5 Nf7 23. f4 Nd8 24. Be4 Ba4 25. Rd4 Bc6 26. Bb4 Rc7 27.
Rcd1 Kf7 28. Ba5 Rc8 29. Bc2 Bd5 30. Bb3 Nc6 31. Rxd5 exd5 32. Bxd5+ Kg6 33.
Bb6 Rhe8 34. Bb3 h5 35. Bc2+ Kh6 36. Bf5 Ra8 37. Kf2 Re7 38. Bc5 Ree8 39. Bb6
g6 40. Bd7 Re4 41. g3 Rf8 42. Kf3 Rc4 43. Rd3 Rc2 44. h3 Rb2 45. Rb3 Rd2 46.
Bxc6 bxc6 47. Be3 Rxa2 48. f5+ Kg7 49. Bc5 Rf7 50. Rb6 Rc2 51. Rxc6 Kh7 52. Ke4
Rd7 53. fxg6+ Kxg6 54. g4 Rc4+ 55. Ke3 Rd5 56. gxh5+ Kxh5 0-1

[Event "Paris ch 2005"]
[Site "Paris FRA"]
[Date "2005.07.11"]
[Round "3.9"]
[White "Yakovich, Yuri"]
[Black "Chabanon, Jean-Luc"]
[Result "1-0"]
[WhiteElo "2560"]
[BlackElo "2426"]
[PlyCount "81"]
[EventDate "2005.07.09"]
[EventType "swiss"]
[EventRounds "9"]
[EventCountry "FRA"]
[Source "lmi"]
[SourceDate "2005.07.17"]

1. d4 d6 2. e4 Nf6 3. Nc3 g6 4. Bg5 Bg7 5. Qd2 h6 6. Bh4 g5 7. Bg3 Nh5 8. Be2
Nxg3 9. hxg3 Nc6 10. Bb5 a6 11. Bxc6+ bxc6 12. f4 Bg4 13. Nf3 gxf4 14. gxf4 h5
15. O-O-O Qb8 16. Qf2 Qb7 17. Rd3 c5 18. dxc5 Rb8 19. b3 Qb4 20. Qe3 dxc5 21.
Ne5 Bxe5 22. fxe5 c4 23. Rd4 Qa3+ 24. Kb1 cxb3 25. axb3 Qa5 26. Qg3 Rh6 27. Nd5
c6 28. e6 Rb7 29. exf7+ Kf8 30. e5 cxd5 31. Rxg4 hxg4 32. Rxh6 Qd2 33. Rxa6
Kxf7 34. Ra4 Rb4 35. Rxb4 Qxb4 36. Qe3 Kg6 37. g3 Kf5 38. Kb2 Qe4 39. Qxe4+
Kxe4 40. e6 Ke5 41. c4 1-0

[Event "Paris ch 2005"]
[Site "Paris FRA"]
[Date "2005.07.11"]
[Round "3.10"]
[White "Spiridonov, Nikola"]
[Black "Malakhatko, Vadim"]
[Result "0-1"]
[WhiteElo "2381"]
[BlackElo "2556"]
[PlyCount "88"]
[EventDate "2005.07.09"]
[EventType "swiss"]
[EventRounds "9"]
[EventCountry "FRA"]
[Source "lmi"]
[SourceDate "2005.07.17"]

1. c4 e6 2. g3 d5 3. Nf3 Nf6 4. Bg2 Be7 5. O-O O-O 6. b3 a5 7. cxd5 exd5 8. a3
Bf5 9. Bb2 Re8 10. d3 h6 11. Re1 Bh7 12. e3 Nbd7 13. Bf1 Nc5 14. Qc2 Nfd7 15.
Nbd2 Bf6 16. Nd4 c6 17. N2f3 Ne6 18. b4 Nxd4 19. Bxd4 Bxd4 20. Nxd4 Qb6 21. Qc3
Ra7 22. Nb3 axb4 23. axb4 Rea8 24. Ra5 Rxa5 25. bxa5 Qc7 26. d4 Nf6 27. Bd3
Bxd3 28. Qxd3 Ne4 29. Ra1 Ra6 30. Kg2 g6 31. Nd2 Rxa5 32. Rxa5 Qxa5 33. Nxe4
dxe4 34. Qxe4 Qd5 35. f3 Qxe4 36. fxe4 Kf8 37. Kf2 Ke7 38. Ke2 Kd6 39. Kd3 f5
40. e5+ Kd5 41. h4 b6 42. Kc3 c5 43. Kd3 cxd4 44. exd4 g5 0-1

[Event "Paris ch 2005"]
[Site "Paris FRA"]
[Date "2005.07.11"]
[Round "3.11"]
[White "Bagheri, Amir"]
[Black "Zaragatski, Ilja"]
[Result "1-0"]
[WhiteElo "2537"]
[BlackElo "2389"]
[PlyCount "107"]
[EventDate "2005.07.09"]
[EventType "swiss"]
[EventRounds "9"]
[EventCountry "FRA"]
[Source "lmi"]
[SourceDate "2005.07.17"]

1. d4 d5 2. Nf3 Nc6 3. e3 Bg4 4. h3 Bh5 5. c4 e6 6. Nc3 Nf6 7. g4 Bg6 8. Nh4
Bb4 9. Nxg6 hxg6 10. f3 e5 11. c5 exd4 12. exd4 O-O 13. Kf2 Bxc3 14. bxc3 b6
15. cxb6 axb6 16. h4 Na5 17. Bd3 Nc4 18. Bg5 Re8 19. Qc1 Qd6 20. h5 gxh5 21.
Bf4 Qa3 22. g5 Qxc1 23. Raxc1 Rxa2+ 24. Kg3 Nd7 25. Rxh5 g6 26. Rh4 Ne3 27.
Rch1 Rg2+ 28. Kh3 Rf2 29. Rh8+ Kxh8 30. Kg3+ Kg8 31. Kxf2 Nf5 32. Bb5 Rd8 33.
Bxc7 Rc8 34. Bf4 Nf8 35. Be5 Ng7 36. c4 dxc4 37. d5 c3 38. Bc6 c2 39. Rc1 Nfe6
40. Rxc2 Nxg5 41. Rb2 Nf5 42. Rxb6 Ne7 43. Bf6 Nxc6 44. Rxc6 Rxc6 45. dxc6 Ne6
46. Bd8 Kg7 47. c7 Nxc7 48. Bxc7 g5 49. Ke3 Kg6 50. Ke4 f5+ 51. Ke5 f4 52. Ke4
Kh5 53. Kf5 Kh4 54. Bxf4 1-0

[Event "Paris ch 2005"]
[Site "Paris FRA"]
[Date "2005.07.11"]
[Round "3.12"]
[White "Mingachev, Mansur"]
[Black "Kengis, Edvins"]
[Result "0-1"]
[WhiteElo "2337"]
[BlackElo "2534"]
[PlyCount "64"]
[EventDate "2005.07.09"]
[EventType "swiss"]
[EventRounds "9"]
[EventCountry "FRA"]
[Source "lmi"]
[SourceDate "2005.07.17"]

1. d4 e6 2. Nf3 c5 3. g3 cxd4 4. Nxd4 d5 5. Bg2 Nf6 6. O-O e5 7. Nb5 a6 8. N5c3
d4 9. Ne4 Nxe4 10. Bxe4 Nc6 11. c3 Bh3 12. Qa4 Qd7 13. Rd1 b5 14. Qc2 Rc8 15.
a4 b4 16. e3 Be7 17. Qd2 O-O 18. exd4 exd4 19. cxb4 Bxb4 20. Qf4 f5 21. Bh1 Bg4
22. f3 Bd6 23. Qd2 Bc5 24. Bg2 Bh5 25. Na3 Ne5 26. b4 Ba7 27. Rf1 Rc3 28. Qa2+
Bf7 29. Qd2 Bd5 30. Kh1 Nxf3 31. Qe2 Re8 32. Qd1 Qb7 0-1

[Event "Paris ch 2005"]
[Site "Paris FRA"]
[Date "2005.07.11"]
[Round "3.13"]
[White "Drasko, Milan"]
[Black "Garcia Castro, Pablo"]
[Result "1-0"]
[WhiteElo "2516"]
[BlackElo "2377"]
[PlyCount "97"]
[EventDate "2005.07.09"]
[EventType "swiss"]
[EventRounds "9"]
[EventCountry "FRA"]
[Source "lmi"]
[SourceDate "2005.07.17"]

1. Nf3 g6 2. g3 c5 3. c4 Bg7 4. Bg2 Nc6 5. Nc3 e6 6. b3 Nge7 7. Bb2 O-O 8. O-O
d5 9. Na4 Bxb2 10. Nxb2 d4 11. Nd3 Qd6 12. Ng5 f5 13. f4 Rb8 14. e4 dxe3 15.
dxe3 Rd8 16. Nb2 Qc7 17. Qe2 e5 18. Nd3 h6 19. Nh3 e4 20. Nxc5 Qa5 21. Na4 Rd2
22. Qe1 Be6 23. Rf2 Rbd8 24. Bf1 Rxf2 25. Nxf2 Qxe1 26. Rxe1 Rd2 27. Re2 Rd8
28. Rb2 a5 29. Be2 Kf7 30. Kf1 g5 31. Nd1 Ng6 32. Ndc3 gxf4 33. exf4 Ke7 34.
Kf2 Nf8 35. Ke3 Nd7 36. Rd2 Nf6 37. Rxd8 Kxd8 38. Nb5 Nb4 39. Nd4 Bd7 40. a3
Na6 41. Nb6 Bc6 42. Nxf5 Kc7 43. Nd5+ Bxd5 44. cxd5 Nc5 45. b4 axb4 46. axb4
Ncd7 47. Kd4 Nb6 48. d6+ Kc6 49. b5+ 1-0

[Event "Paris ch 2005"]
[Site "Paris FRA"]
[Date "2005.07.11"]
[Round "3.14"]
[White "Reinaldo Castineira, Roi"]
[Black "Onkoud, Abdelaziz"]
[Result "1-0"]
[WhiteElo "2447"]
[BlackElo "2361"]
[PlyCount "79"]
[EventDate "2005.07.09"]
[EventType "swiss"]
[EventRounds "9"]
[EventCountry "FRA"]
[Source "lmi"]
[SourceDate "2005.07.17"]

1. c4 e5 2. Nc3 d6 3. g3 c5 4. Bg2 Nc6 5. a3 g6 6. e3 Bg7 7. b4 Nge7 8. Rb1 O-O
9. Nge2 Rb8 10. O-O Bf5 11. d3 Qd7 12. Nd5 cxb4 13. axb4 Rbe8 14. b5 Nd8 15.
Nec3 Nxd5 16. Nxd5 e4 17. dxe4 Bxe4 18. Bxe4 Rxe4 19. Qd3 f5 20. f3 Re6 21. Bb2
b6 22. Bd4 Bxd4 23. Qxd4 Qg7 24. Qxg7+ Kxg7 25. Ra1 Rf7 26. Ra3 Nb7 27. Rxa7
Na5 28. Rxf7+ Kxf7 29. Rc1 Re8 30. Kf2 Rb8 31. Rc3 Ke6 32. Ke2 g5 33. Kd3 h5
34. Kd4 h4 35. gxh4 gxh4 36. Ra3 Rg8 37. Nxb6 Nb7 38. Ra7 Nc5 39. Nd5 Nd7 40.
Rxd7 1-0

[Event "Paris ch 2005"]
[Site "Paris FRA"]
[Date "2005.07.11"]
[Round "3.15"]
[White "Bakhmatov, Eduard"]
[Black "Ghaem Maghami, Ehsan"]
[Result "0-1"]
[WhiteElo "2373"]
[BlackElo "2603"]
[PlyCount "76"]
[EventDate "2005.07.09"]
[EventType "swiss"]
[EventRounds "9"]
[EventCountry "FRA"]
[Source "lmi"]
[SourceDate "2005.07.17"]

1. e4 c5 2. Nf3 d6 3. d4 cxd4 4. Nxd4 Nf6 5. Nc3 a6 6. Bc4 e6 7. Bb3 b5 8. Bg5
Be7 9. Qf3 Qb6 10. O-O O-O 11. Rad1 Nbd7 12. Rfe1 Bb7 13. Qg3 Nc5 14. Bh6 Ne8
15. Be3 Qc7 16. f3 Rc8 17. a3 Nxb3 18. cxb3 Kh8 19. Nde2 Nf6 20. Bd4 Rfe8 21.
Nc1 e5 22. Be3 Qd7 23. Nd3 Qe6 24. b4 Nh5 25. Qf2 f5 26. exf5 Qxf5 27. Bc1 Qg6
28. Ne4 Rf8 29. Kh1 Bxe4 30. Rxe4 Qxe4 31. fxe4 Rxf2 32. Nxf2 Kg8 33. g4 Rc2
34. Kg2 Bh4 35. Be3 Bxf2 36. Bxf2 Nf6 37. Kf3 Rxb2 38. Rxd6 Rxf2+ 0-1

[Event "Paris ch 2005"]
[Site "Paris FRA"]
[Date "2005.07.11"]
[Round "3.16"]
[White "Amigues, Emmanuel"]
[Black "Shchekachev, Andrei"]
[Result "0-1"]
[WhiteElo "2317"]
[BlackElo "2570"]
[PlyCount "68"]
[EventDate "2005.07.09"]
[EventType "swiss"]
[EventRounds "9"]
[EventCountry "FRA"]
[Source "lmi"]
[SourceDate "2005.07.17"]

1. d4 g6 2. c4 Bg7 3. e4 d6 4. Nc3 Nf6 5. Be2 O-O 6. Be3 e5 7. Nf3 Ng4 8. Bg5
f6 9. Bh4 Nc6 10. d5 Ne7 11. Nd2 Nh6 12. f3 g5 13. Bf2 f5 14. c5 Ng6 15. g3
fxe4 16. fxe4 Bh3 17. Be3 b6 18. cxd6 cxd6 19. Nf3 Ng4 20. Bxg5 Bf6 21. Bd2 Nf4
22. Bf1 Bxf1 23. Rxf1 Ng2+ 24. Ke2 Qc8 25. Qa4 b5 26. Nxb5 Be7 27. Na3 Nf6 28.
Ng5 Qg4+ 29. Kd3 Nd7 30. Ne6 Rf3+ 31. Rxf3 Qxf3+ 32. Kc2 Rc8+ 33. Bc3 Qe2+ 34.
Kc1 Ne3 0-1

[Event "Paris ch 2005"]
[Site "Paris FRA"]
[Date "2005.07.11"]
[Round "3.17"]
[White "Marcelin, Cyril"]
[Black "Blazkova, Petra"]
[Result "1/2-1/2"]
[WhiteElo "2481"]
[BlackElo "2276"]
[PlyCount "94"]
[EventDate "2005.07.09"]
[EventType "swiss"]
[EventRounds "9"]
[EventCountry "FRA"]
[Source "lmi"]
[SourceDate "2005.07.17"]

1. c4 e5 2. g3 Nc6 3. Bg2 g6 4. Nc3 Bg7 5. e4 d6 6. Nge2 Nge7 7. O-O O-O 8. d3
f5 9. Rb1 a5 10. Nd5 Nb4 11. a3 Nbxd5 12. exd5 f4 13. gxf4 Nf5 14. fxe5 Bxe5
15. f4 Bg7 16. Ng3 Bd4+ 17. Kh1 Nxg3+ 18. hxg3 Rf5 19. Bf3 Qd7 20. g4 Rh5+ 21.
Kg2 Qd8 22. Qe1 Rh4 23. Qg3 h5 24. f5 Be5 25. Bf4 Bxf4 26. Qxf4 Bxf5 27. Rh1
hxg4 28. Be4 Rxh1 29. Rxh1 Qf6 30. Bxf5 Qxf5 31. Qxf5 gxf5 32. Rh5 Rf8 33. Kg3
Kg7 34. Kf4 Kg6 35. Rg5+ Kh6 36. b4 axb4 37. axb4 b6 38. b5 Rf7 39. Rg8 Rg7 40.
Rf8 g3 41. Rh8+ Rh7 42. Rg8 Rg7 43. Rh8+ Kg6 44. Kxg3 Kf6+ 45. Kf4 Rg4+ 46. Kf3
Rg7 47. Kf4 Rg4+ 1/2-1/2

[Event "Paris ch 2005"]
[Site "Paris FRA"]
[Date "2005.07.11"]
[Round "3.18"]
[White "Glicenstein, Asher"]
[Black "Abergel, Thal"]
[Result "0-1"]
[WhiteElo "2301"]
[BlackElo "2446"]
[PlyCount "90"]
[EventDate "2005.07.09"]
[EventType "swiss"]
[EventRounds "9"]
[EventCountry "FRA"]
[Source "lmi"]
[SourceDate "2005.07.17"]

1. Nf3 d5 2. c4 d4 3. c5 e5 4. Nxe5 Bxc5 5. b4 Bb6 6. a4 c6 7. Nc4 Bc7 8. d3
Ne7 9. g3 Qd5 10. Rg1 O-O 11. Nbd2 Re8 12. Bb2 Na6 13. Bg2 Qe6 14. Bxd4 Nxb4
15. Kf1 Nf5 16. Bc3 Nd5 17. Bb2 Nd6 18. e4 Nxc4 19. Nxc4 Nb6 20. Ne3 Be5 21. d4
Bc7 22. Qc2 Qe7 23. Qc3 Nd7 24. f4 Nf6 25. e5 Ng4 26. Nxg4 Bxg4 27. h3 Be6 28.
g4 Rad8 29. Be4 Bd5 30. Bc2 Qh4 31. Rd1 Rd7 32. Qe3 b5 33. Bc3 Qe7 34. f5 b4
35. Bb2 g6 36. g5 c5 37. e6 c4 38. Re1 fxe6 39. f6 Qd6 40. Bc1 Bb6 41. Rg4 c3
42. Bxg6 hxg6 43. Qd3 Kf7 44. Rh4 Rg8 45. Bf4 Qc6 0-1

[Event "Paris ch 2005"]
[Site "Paris FRA"]
[Date "2005.07.11"]
[Round "3.19"]
[White "Sriram, Jha"]
[Black "Hess, Robert L"]
[Result "1-0"]
[WhiteElo "2437"]
[BlackElo "2278"]
[PlyCount "59"]
[EventDate "2005.07.09"]
[EventType "swiss"]
[EventRounds "9"]
[EventCountry "FRA"]
[Source "lmi"]
[SourceDate "2005.07.17"]

1. d4 g6 2. c4 Bg7 3. Nc3 c5 4. d5 Bxc3+ 5. bxc3 f5 6. Nf3 Qa5 7. Qc2 Nf6 8.
Bh6 Rg8 9. e3 b5 10. Nd2 d6 11. f3 Nbd7 12. Bg5 Ba6 13. cxb5 Bxb5 14. Bxb5 Qxb5
15. c4 Qa6 16. O-O Kf7 17. e4 fxe4 18. Nxe4 Kg7 19. Rfe1 Rge8 20. Qc3 h6 21.
Bh4 g5 22. Bg3 Kf7 23. h4 Nxe4 24. Rxe4 Rab8 25. Re6 Nf6 26. Be5 Nd7 27. Qd3
Nxe5 28. Qh7+ Kf8 29. Qxh6+ Kf7 30. Rxe5 1-0

[Event "Paris ch 2005"]
[Site "Paris FRA"]
[Date "2005.07.11"]
[Round "3.20"]
[White "Sher, Miron N"]
[Black "Romieux, Sebastien"]
[Result "1-0"]
[WhiteElo "2420"]
[BlackElo "2238"]
[PlyCount "63"]
[EventDate "2005.07.09"]
[EventType "swiss"]
[EventRounds "9"]
[EventCountry "FRA"]
[Source "lmi"]
[SourceDate "2005.07.17"]

1. c4 e5 2. Nc3 Nc6 3. Nf3 g6 4. d4 exd4 5. Nxd4 Bg7 6. Nxc6 bxc6 7. g3 Ne7 8.
Bg2 Rb8 9. Qa4 Nf5 10. O-O O-O 11. e3 Qe7 12. Qc2 Qb4 13. Ne4 Ba6 14. Nd2 c5
15. Rb1 c6 16. a3 Qa5 17. Rd1 Rfd8 18. Ne4 d5 19. Bd2 Qc7 20. cxd5 cxd5 21.
Nxc5 d4 22. b4 Be2 23. Rdc1 d3 24. Qa2 Qe7 25. Ne4 Rbc8 26. Rc5 h5 27. Rbc1
Rxc5 28. Rxc5 h4 29. Qc4 hxg3 30. hxg3 Be5 31. a4 Kg7 32. Rxe5 1-0